Иванов Виталий Алексеевич (Запись № 2951047)

Подробности
000 -МАРКЕР
контрольное поле 02000nam0a2200337 i 4500
001 - ИДЕНТИФИКАТОР ЗАПИСИ
контрольное поле RU\NLR\bibl\1903842
005 - ИДЕНТИФИКАТОР ВЕРСИИ
контрольное поле 20260407102553.0
021 ## - НОМЕР ГОСУДАРСТВЕННОЙ РЕГИСТРАЦИИ
Код страны российская федерация
Номер 2012-31995
Номер Листа государственной регистраци 2377
035 ## - ДРУГИЕ СИСТЕМНЫЕ НОМЕРА
Идентификатор записи (NLR Aleph) 001893445
100 ## - ДАННЫЕ ОБЩЕЙ ОБРАБОТКИ
Данные общей обработки 20120516d2011 u y0rusy50 ca
101 0# - ЯЗЫК РЕСУРСА
Язык текста, звукозаписи и т.д. русский
102 ## - СТРАНА ПУБЛИКАЦИИ ИЛИ ПРОИЗВОДСТВА
Страна публикации российская федерация
105 ## - ПОЛЕ КОДИРОВАННЫХ ДАННЫХ: ТЕКСТОВЫЕ МАТЕРИАЛЫ, МОНОГРАФИЧЕСКИЕ
Кодированные данные о монографическом текстовом документе y |||||||||
200 1# - ЗАГЛАВИЕ И СВЕДЕНИЯ ОБ ОТВЕТСТВЕННОСТИ
Основное заглавие Иванов Виталий Алексеевич
Сведения, относящиеся к заглавию биобиблиографический указатель
Первые сведения об ответственности М-во образования и науки Рос. Федерации, ФГБОУ ВПО "Марийс. гос. ун-т", Науч. б-ка им. Р.А. Пановой
Последующие сведения об ответственности [сост.: В.В. Изыкин
-- науч. ред.: И.О. Левенштейн]
210 ## - ПУБЛИКАЦИЯ, РАСПРОСТРАНЕНИЕ И ДР.
Место издания, распространения и т.д. Йошкар-Ола
Имя издателя, распространителя и т. д. ФГБОУ ВПО "Марийский государственный университет"
Дата издания, распространения и т.д. 2011
215 ## - ФИЗИЧЕСКАЯ ХАРАКТЕРИСТИКА
Специфическое обозначение материала и объем 47 с.
Размеры 21
225 1# - СЕРИЯ
Основное заглавие серии Материалы к биобиблиографии ученых МарГУ
Обозначение тома вып. 55
320 ## - ПРИМЕЧАНИЯ О НАЛИЧИИ В ДОКУМЕНТЕ БИБЛИОГРАФИИ / УКАЗАТЕЛЯ
Текст примечания Имен. указ.: с. 42-44
600 #1 - ИМЯ ЛИЦА КАК ПРЕДМЕТ
Начальный элемент ввода Иванов
Часть имени, кроме начального элемента ввода В.А.
Даты 1956
Расширение инициалов личного имени Виталий Алексеевич
Формальный подзаголовок Биобиблиография
Системный номер авторитетной/нормативной записи 2104466
Идентификатор авторитетной/нормативной записи RU\NLR\auth\661576062
686 ## - ИНДЕКСЫ ДРУГИХ КЛАССИФИКАЦИЙ
Индекс Ч489.44(2Р)7-8Иванов я1
702 #1 - ИМЯ ЛИЦА - ВТОРИЧНАЯ ОТВЕТСТВЕННОСТЬ
Начальный элемент ввода Изыкин
Часть имени, кроме начального элемента ввода В. В.
Даты 1951-
Расширение инициалов личного имени Владимир Владимирович
Код отношения Составитель
702 #1 - ИМЯ ЛИЦА - ВТОРИЧНАЯ ОТВЕТСТВЕННОСТЬ
Начальный элемент ввода Левенштейн
Часть имени, кроме начального элемента ввода Н. А.
Расширение инициалов личного имени Наиля Асановна
Код отношения Редактор
702 #1 - ИМЯ ЛИЦА - ВТОРИЧНАЯ ОТВЕТСТВЕННОСТЬ
Код отношения Прочие
Материалы, к которым относится поле rus
Графика поля Кириллица
Начальный элемент ввода Иванов
Часть имени, кроме начального элемента ввода В. А.
Дополнения к именам, кроме дат д-р юрид. наук, канд. ист. наук
Даты 1956-
Расширение инициалов личного имени Виталий Алексеевич
Идентификатор авторитетной/нормативной записи RU\NLR\auth\7735216
Системный номер авторитетной/нормативной записи 18214
712 02 - НАИМЕНОВАНИЕ ОРГАНИЗАЦИИ - ВТОРИЧНАЯ ОТВЕТСТВЕННОСТЬ
Код отношения Прочие
Начальный элемент ввода Марийский государственный университет
Идентифицирующий признак Йошкар-Ола
Структурное подразделение Научная библиотека им. Р. А. Пановой
Идентификатор авторитетной/нормативной записи RU\NLR\AUTH\889930912
Системный номер авторитетной/нормативной записи 357298
801 #0 - ИСТОЧНИК ЗАПИСИ
Страна российская федерация
Организация NLR
Дата составления 20120516
Правила каталогизации RCR
801 #1 - ИСТОЧНИК ЗАПИСИ
Страна российская федерация
Организация NLR
Дата составления 20120516
830 ## - ОБЩЕЕ ПРИМЕЧАНИЕ, СОСТАВЛЕННОЕ КАТАЛОГИЗАТОРОМ
Текст примечания сост. и персон. по кн, ред. по эк
942 ## - ДОПОЛНИТЕЛЬНЫЕ ЭЛЕМЕНТЫ ЗАПИСИ (АБИС)
Тип экземпляра АБИС Книга
980 ## - КОЛЛЕКЦИЯ
Название коллекции НБР

Нет доступных экземпляров.